Статические компенсаторы для регулирования реактивной мощности: пер. с англ.

Dettagli Bibliografici
Altri autori: Матур Р. М. (редактор)
Riassunto:Рассмотрены принципы действия различных типов статических компенсирующих устройств. Приведены их энергетические характеристики и указаны особенности воздействия на режимы электрических сетей. Описаны конструктивные особенности устройств, изготовленных за рубежом, и приведены данные об автоматических регуляторах их мощности. Для инженерно-технических работников.
Lingua:russo
Pubblicazione: Москва, Энергоатомиздат, 1987
Soggetti:
Natura: MixedMaterials Libro
KOHA link:https://koha.lib.tpu.ru/cgi-bin/koha/opac-detail.pl?biblionumber=141341

MARC

LEADER 00000nam0a2200000 4500
001 141341
005 20231031142412.0
020 |a RU  |b 87-81489 
035 |a (RuTPU)RU\TPU\book\153191 
090 |a 141341 
100 |a 20080811d1987 k a0rusy5003 ca 
101 0 |a rus  |c eng 
102 |a RU 
105 |a a z 001zy 
200 1 |a Статические компенсаторы для регулирования реактивной мощности  |e пер. с англ.  |f под ред. Р. М. Матура 
210 |a Москва  |c Энергоатомиздат  |d 1987 
215 |a 156 с.  |c ил. 
320 |a Библиогр.: с. 149-154. 
330 |a Рассмотрены принципы действия различных типов статических компенсирующих устройств. Приведены их энергетические характеристики и указаны особенности воздействия на режимы электрических сетей. Описаны конструктивные особенности устройств, изготовленных за рубежом, и приведены данные об автоматических регуляторах их мощности. Для инженерно-технических работников. 
610 1 |a статистика 
610 1 |a компенсаторы 
610 1 |a регулирование 
610 1 |a активная мощность 
610 1 |a функции 
610 1 |a схемы 
610 1 |a гармоники 
610 1 |a фильтры 
610 1 |a конструкции 
610 1 |a вентили 
610 1 |a вентили 
610 1 |a электрические сети 
675 |a 621.316.72  |v 3 
702 1 |a Матур  |b Р. М.  |4 340 
801 0 |a RU  |b RuMRKP  |c 19950417  |g psbo 
801 1 |a RU  |b 63413507  |c 20080811  |g PSBO 
801 2 |a RU  |b 63413507  |c 20190410  |g PSBO 
942 |c BK